00848nam a2200253 4500003000400000005001700004008004100021040002300062050001600085100003700101245014400138264003500282300001800317336002200335337002400357338002400381650003100405650002600436650004400462650002600506650003000532942001500562999001700577OSt20260530115318.0260508b1981 |||a|||| |||| 001 0 eng d aICIbspacICIerda aHE9803bS95 aAlvarez F., Manueleautor934046 aSymbol signs:bThe system of passenger/pedestrian oriented symbols developed for the U.S. Department of Transportation/cAlvarez F., Manuel aNew YorkbHastings Housec1981 a240 páginas 2rdacontentatexto 2rdamediaasin medio 2rdacarrieravolumen aSeñalización gráfica aSímbolos gráficos aSeñales de tránsito peatonal934049 aComunicación visual aDiseño gráfico918020 2lccn1cBK c13677d13677